Советский Союз на международных конференциях периода Великой Отечественной войны 1941-1945 гг. Т. 2: Тегеранская конференция руководителей трех союзных держав - СССР, США и Великобритании (28 ноября - 1 декабря 1943 г.) (Запись № 6351622)

Подробности
000 -МАРКЕР
контрольное поле 01457nam2a22002411 4500
001 - ИДЕНТИФИКАТОР ЗАПИСИ
контрольное поле rc\2154693
005 - ИДЕНТИФИКАТОР ВЕРСИИ
контрольное поле 20250623013728.0
035 ## - ДРУГИЕ СИСТЕМНЫЕ НОМЕРА
Идентификатор записи (NLR Aleph) 006513156
100 ## - ДАННЫЕ ОБЩЕЙ ОБРАБОТКИ
Данные общей обработки 20110829d1978 |||y0rusy50 ca
101 0# - ЯЗЫК РЕСУРСА
Язык текста, звукозаписи и т.д. русский
102 ## - СТРАНА ПУБЛИКАЦИИ ИЛИ ПРОИЗВОДСТВА
Страна публикации Российская Федерация
105 ## - ПОЛЕ КОДИРОВАННЫХ ДАННЫХ: ТЕКСТОВЫЕ МАТЕРИАЛЫ, МОНОГРАФИЧЕСКИЕ
Кодированные данные о монографическом текстовом документе a z |||||
200 1# - ЗАГЛАВИЕ И СВЕДЕНИЯ ОБ ОТВЕТСТВЕННОСТИ
Основное заглавие Тегеранская конференция руководителей трех союзных держав - СССР, США и Великобритании (28 ноября - 1 декабря 1943 г.)
210 ## - ПУБЛИКАЦИЯ, РАСПРОСТРАНЕНИЕ И ДР.
Дата издания, распространения и т.д. 1978
Место издания, распространения и т.д. Б. м.
215 ## - ФИЗИЧЕСКАЯ ХАРАКТЕРИСТИКА
Специфическое обозначение материала и объем 198 с., 2 л. ил.
Размеры 20
320 ## - ПРИМЕЧАНИЯ О НАЛИЧИИ В ДОКУМЕНТЕ БИБЛИОГРАФИИ / УКАЗАТЕЛЯ
Текст примечания Указ. предм.-темат. и имен: с. 188-193
461 #0 - УРОВЕНЬ НАБОРА
Встроенное поле 001rc\1136442
-- 2001#$aСоветский Союз на международных конференциях периода Великой Отечественной войны 1941-1945 гг.$eСб. документов$e[В 6-ти т.]$fМ-во иностр. дел СССР$g[Гл. ред. комис.: А.А. Громыко (гл. ред.) и др.]$vТ. 2
Системный номер (АБИС) связанной записи 7935207
Место публикации М.
Дата публикации 1980-
Первые сведения об ответственности М-во иностр. дел СССР
Имя издателя, распространителя и т.д. Политиздат
Сведения, относящиеся к заглавию Сб. документов : [В 6-ти т.]
Заглавие Советский Союз на международных конференциях периода Великой Отечественной войны 1941-1945 гг.
Номер тома Т. 2
801 #0 - ИСТОЧНИК ЗАПИСИ
Страна Российская Федерация
Организация NLR
Правила каталогизации psbo
801 #1 - ИСТОЧНИК ЗАПИСИ
Страна Российская Федерация
Организация ELAR
Источник данных rusmarc
852 ## - МЕСТОНАХОЖДЕНИЕ И ШИФР ХРАНЕНИЯ
Идентификатор организации NLR
Шифр хранения (Call Number) 79-3/546
942 ## - ДОПОЛНИТЕЛЬНЫЕ ЭЛЕМЕНТЫ ЗАПИСИ (АБИС)
Тип экземпляра АБИС Книга
980 ## - КОЛЛЕКЦИЯ
Название коллекции Национальная библиография
Экземпляры
Тип экземпляра Дата поступления Библиотека постоянного хранения Библиотека текущего хранения Место хранения Шифр хранения Штрих-код Статус экземпляра Стоимость
Книга 26.10.2013 РНБ (Московский) РНБ (Московский) Русский книжный фонд: издания с 1957 года 79-3/546 1-1838183    
Книга 21.03.2014 РНБ (Московский) РНБ (Московский) Фонд общего зала социально-экономической литературы С1 Т3(0)62/С-561 1-386458   0.50